000 00304nam a2200109Ia 4500
008 171211s9999 xx 000 0 und d
245 _aStoryboards: Motion in Art, Third Edition
245 _cMark Simon
260 _c2006
650 _xDrawing
856 _uhttp://down.ebook777.com/005/978-0240808055.pdf
999 _c348028
_d348028